[Event "28th Czech Open A 2017"]
[Site "Pardubice CZE"]
[Date "2017.07.22"]
[Round "2.47"]
[White "Haba, Petr"]
[Black "Horvath, Dominik"]
[Result "1/2-1/2"]
[WhiteTitle "GM"]
[BlackTitle "FM"]
[WhiteElo "2432"]
[BlackElo "2310"]
[WhiteFideId "300160"]
[BlackFideId "1642561"]
[EventDate "2017.07.21"]

1. e4 c5 2. Nf3 e6 3. d4 cxd4 4. Nxd4 Nc6 5. Nc3 Qc7 6. Be3 a6 7. Qf3 Bd6 8.
O-O-O Be5 9. g3 Nge7 10. Qe2 Bxd4 11. Bxd4 Nxd4 12. Rxd4 b5 13. Bg2 Rb8 14. e5
Nf5 15. Rd2 b4 16. Ne4 O-O 17. f4 Bb7 18. Kb1 a5 19. Rhd1 Rfd8 20. Nd6 Nxd6 21.
Rxd6 a4 22. Bxb7 Rxb7 23. R6d4 Rc8 24. Qd2 Qc5 25. b3 Rcc7 26. Rc4 Qf8 27. Rxc7
Rxc7 28. Qd6 Qc8 29. Rd2 axb3 30. axb3 Rb7 31. Rd4 Qf8 32. Rc4 h5 33. Rc7 Rxc7
34. Qxc7 Qe7 35. h4 f6 36. Kb2 Kf7 37. Qb7 d5 38. Qb5 fxe5 39. fxe5 Kg6 40. Qd3+
Kh6 41. c3 bxc3+ 42. Qxc3 Kg6 43. Qd3+ Kh6 44. Qd2+ Kh7 45. b4 Kg8 46. Kb3 Kf8
47. Qf2+ Qf7 48. Qc5+ Qe7 49. Qc6 Qe8 50. Qd6+ Kf7 51. Qc7+ Qe7 52. Qc2 Qa7 53.
Qe2 Ke7 54. Qd2 Kd7 55. Qg5 Kc6 56. Qc1+ Kd7 57. Qg5 Kc6 58. Qc1+ 1/2-1/2

[Event "28th Czech Open A 2017"]
[Site "Pardubice CZE"]
[Date "2017.07.22"]
[Round "2.48"]
[White "Vykouk, Jan"]
[Black "Bergauz, Noam"]
[Result "1-0"]
[WhiteTitle "FM"]
[WhiteElo "2430"]
[BlackElo "2309"]
[WhiteFideId "349658"]
[BlackFideId "12938033"]
[EventDate "2017.07.21"]

1. e4 c6 2. d4 d5 3. Nd2 dxe4 4. Nxe4 Bf5 5. Ng3 Bg6 6. h4 h6 7. Nf3 Nd7 8. h5
Bh7 9. Bd3 Bxd3 10. Qxd3 e6 11. Bd2 Ngf6 12. O-O-O Be7 13. Kb1 O-O 14. Ne4 Nxe4
15. Qxe4 Nf6 16. Qe2 Qd5 17. Rdg1 Ne4 18. Bc1 c5 19. c4 Qf5 20. Ka1 Qg4 21. Re1
f5 22. Qf1 Bf6 23. Rh3 Ng5 24. Rh4 Nxf3 25. Rxg4 Nxe1 26. Rg6 Nc2+ 27. Kb1 Nxd4
28. Bxh6 Kf7 29. Bg5 Bxg5 30. Rxg5 Rad8 31. Qe1 Nc6 32. a3 Rd3 33. Qe2 Rfd8 34.
h6 g6 35. h7 Rd1+ 36. Ka2 Rh1 37. Rg3 Rxh7 38. Rd3 Rhh8 39. Rxd8 Rxd8 40. Qe3
Rd4 41. Qh6 b6 42. Qh7+ Kf6 43. Qh8+ Kf7 44. Qa8 Ne5 45. Qxa7+ Kf6 46. Qxb6 Rd2
47. Qxc5 Rxb2+ 48. Ka1 Rc2 49. f4 Nf7 50. Qd4+ Ke7 51. c5 g5 52. g3 1-0

[Event "28th Czech Open A 2017"]
[Site "Pardubice CZE"]
[Date "2017.07.22"]
[Round "2.49"]
[White "Bryzgalin, Kirill"]
[Black "Nun, Jiri"]
[Result "1-0"]
[WhiteTitle "GM"]
[BlackTitle "IM"]
[WhiteElo "2424"]
[BlackElo "2303"]
[WhiteFideId "4133285"]
[BlackFideId "300179"]
[EventDate "2017.07.21"]

1. d4 Nf6 2. Nf3 e6 3. Bf4 b6 4. e3 Bb7 5. Be2 Be7 6. h3 O-O 7. O-O d6 8. Nbd2
Nbd7 9. Bh2 Ne4 10. Nxe4 Bxe4 11. c4 Bf6 12. Qa4 Bb7 13. Nd2 g6 14. Bf3 Bxf3 15.
Nxf3 a5 16. Rad1 Qe7 17. Rfe1 Rfd8 18. Qc6 Rac8 19. Re2 Bg7 20. Bg3 h6 21. e4 e5
22. b3 exd4 23. Nxd4 Nc5 24. Qd5 Bxd4 25. Qxd4 Re8 26. e5 Qf8 27. Red2 dxe5 28.
Bxe5 Re6 29. Qf4 Qe7 30. Bb2 g5 31. Qf5 Re8 32. Kh2 Rg6 33. Rd5 Ne6 34. Rd7 Qf8
35. Qe5 Kh7 36. Qf5 Kg8 37. Bf6 c5 38. R1d6 Nd4 39. Qd5 Ne6 40. Be5 g4 41. h4 h5
42. Rxb6 Qh6 43. Rbb7 Rf8 44. g3 Qc1 45. Qd3 Qe1 46. Rxf7 1-0

[Event "28th Czech Open A 2017"]
[Site "Pardubice CZE"]
[Date "2017.07.22"]
[Round "2.50"]
[White "Rakesh, Kumar Jena"]
[Black "Kraus, Tomas"]
[Result "0-1"]
[WhiteTitle "FM"]
[BlackTitle "IM"]
[WhiteElo "2283"]
[BlackElo "2422"]
[WhiteFideId "5084822"]
[BlackFideId "331708"]
[EventDate "2017.07.21"]

1. e4 d6 2. d4 Nf6 3. Nc3 e5 4. dxe5 dxe5 5. Qxd8+ Kxd8 6. Bg5 Be6 7. O-O-O+ Nd7
8. f4 exf4 9. Nge2 Bd6 10. Nxf4 h6 11. Bxf6+ gxf6 12. Nfd5 Be5 13. h3 c6 14. g4
cxd5 15. exd5 Bxc3 16. dxe6 fxe6 17. Bb5 Rh7 18. bxc3 a6 19. Bd3 Re7 20. Rhf1
Kc7 21. Rf4 Rc8 22. Rdf1 Rf7 23. Rd4 Kd8 24. Bg6 Rf8 25. Re1 Rc6 26. Be4 Rc7 27.
h4 Ke7 28. Bd5 Ne5 29. Bb3 Rxc3 30. Rb4 b5 31. g5 Nd3+ 32. Kd2 Rxb3 33. Rxb3
Nxe1 34. gxf6+ Rxf6 35. Kxe1 e5 36. Rd3 Ke6 37. Ke2 Kf5 38. Rf3+ Kg6 39. Re3 Kf5
40. Rf3+ Kg6 41. Rg3+ Kh5 42. Re3 Kxh4 43. Rxe5 h5 44. c4 bxc4 45. Rc5 Kg4 46.
Rxc4+ Rf4 47. Rc6 Ra4 48. Rc2 Kg3 49. Kf1 h4 50. Kg1 Ra3 51. Rg2+ Kf4 52. Kh2 a5
53. Rc2 Ke5 54. Rc5+ Kd6 55. Rh5 Rxa2+ 56. Kh3 Ra4 57. Rf5 Kc6 58. Rh5 Kb6 59.
Rh6+ Kb5 60. Rh5+ Kb4 61. Rxh4+ Kb3 62. Rh5 Ra1 63. Rf5 a4 64. Rf3+ Kc2 65. Rf2+
Kd3 66. Rf4 a3 67. Kg2 Ra2+ 68. Kf1 Ke3 69. Ra4 Ra1+ 70. Kg2 Kd2 71. Kf2 Kc2 72.
Ra8 Kb3 0-1

[Event "28th Czech Open A 2017"]
[Site "Pardubice CZE"]
[Date "2017.07.22"]
[Round "2.51"]
[White "Gibicar, Danijel"]
[Black "Kozak, Adam"]
[Result "0-1"]
[WhiteTitle "FM"]
[BlackTitle "IM"]
[WhiteElo "2280"]
[BlackElo "2414"]
[WhiteFideId "24660256"]
[BlackFideId "753246"]
[EventDate "2017.07.21"]

1. e4 e5 2. Nf3 Nc6 3. Bb5 a6 4. Ba4 Nf6 5. d3 d6 6. c3 g6 7. Nbd2 Bg7 8. Nf1
O-O 9. Ng3 b5 10. Bb3 Bb7 11. O-O Na5 12. Bc2 c5 13. h3 Re8 14. Be3 Rc8 15. Nh2
d5 16. Ng4 Nxg4 17. hxg4 d4 18. cxd4 exd4 19. Bd2 c4 20. b3 c3 21. Bc1 Qh4 22.
g5 Nc6 23. Ne2 Nb4 24. g3 Qg4 25. f3 Qe6 26. a3 Nxc2 27. Qxc2 a5 28. Nf4 Qd7 29.
Kg2 Rc5 30. Ne2 b4 31. axb4 axb4 32. Bf4 Rcc8 33. Ra4 Bf8 34. Rfa1 Bc5 35. g4
Bc6 36. Ra5 Bb5 37. Bg3 Bb6 38. R5a2 Qe7 39. Bf4 Rcd8 40. Rh1 Ra8 41. Rha1 Ra3
42. Bc1 Rxa2 43. Rxa2 Qb7 44. Bf4 Bc5 45. Nc1 Qc6 46. Kf2 Bb6 47. Ne2 Qc5 48.
Bc1 Bc7 49. Nf4 Qxg5 50. Ng2 Qe7 51. f4 Qc5 52. f5 Rxe4 53. dxe4 d3+ 54. Be3
dxc2 55. Bxc5 c1=Q 56. Ra8+ Kg7 57. f6+ Kxf6 58. g5+ Ke6 0-1

[Event "28th Czech Open A 2017"]
[Site "Pardubice CZE"]
[Date "2017.07.22"]
[Round "2.52"]
[White "Vokac, Marek"]
[Black "Villegas, Pierre"]
[Result "1-0"]
[WhiteTitle "GM"]
[BlackTitle "FM"]
[WhiteElo "2412"]
[BlackElo "2295"]
[WhiteFideId "300101"]
[BlackFideId "654183"]
[EventDate "2017.07.21"]

1. d4 Nf6 2. c4 e6 3. Nf3 d5 4. Nc3 dxc4 5. e3 a6 6. Bxc4 b5 7. Bb3 Bb7 8. O-O
c5 9. Qe2 Nbd7 10. Rd1 Qb8 11. d5 exd5 12. Bxd5 Bxd5 13. Nxd5 Nxd5 14. Rxd5 Be7
15. e4 Nb6 16. Rf5 O-O 17. Bg5 f6 18. Be3 g6 19. Rf4 Qd6 20. h4 Rad8 21. Rc1 Nc4
22. b3 Nxe3 23. Qxe3 Qd3 24. Qe1 Qd6 25. g3 Qe6 26. e5 f5 27. b4 cxb4 28. Nd4
Qxa2 29. Nc6 Rde8 30. Ra1 Qc2 31. Rxa6 b3 32. Nd4 Qc8 33. Rc6 Qd7 34. Qc3 g5 35.
Qxb3+ Kh8 36. e6 Qxc6 37. Nxc6 gxf4 38. Ne5 Bf6 39. Nd7 fxg3 40. Nxf8 gxf2+ 41.
Kxf2 Rxf8 42. Kf3 Kg7 43. Qxb5 Be7 44. Qe5+ Kg6 45. h5+ Kh6 46. Qc7 Bf6 47. e7 1-0

[Event "28th Czech Open A 2017"]
[Site "Pardubice CZE"]
[Date "2017.07.22"]
[Round "2.53"]
[White "Haring, Filip"]
[Black "Frolov, Artur"]
[Result "1/2-1/2"]
[WhiteTitle "FM"]
[BlackTitle "IM"]
[WhiteElo "2278"]
[BlackElo "2410"]
[WhiteFideId "14933080"]
[BlackFideId "14100134"]
[EventDate "2017.07.21"]

1. e4 c5 2. Nf3 Nc6 3. d4 cxd4 4. Nxd4 e6 5. Nc3 d6 6. Be3 a6 7. Be2 Nf6 8. Qd2
Be7 9. O-O-O O-O 10. Kb1 Bd7 11. f3 b5 12. Nxc6 Bxc6 13. Bd3 Qb8 14. g4 Rc8 15.
g5 Nd7 16. h4 Ne5 17. Rdf1 b4 18. Ne2 Nxd3 19. cxd3 e5 20. h5 d5 21. g6 fxg6 22.
hxg6 hxg6 23. Rfg1 Qd6 24. Ng3 b3 25. Qh2 Bf8 26. f4 dxe4 27. fxe5 Qxd3+ 28. Ka1
Qxe3 29. Qh7+ Kf7 30. Rf1+ Qf3 31. Rxf3+ exf3 32. e6+ Kf6 33. Qh4+ Kxe6 34. Qg4+
Kd6 35. Qf4+ Kc5 36. Qe3+ Kb5 37. Qxb3+ Ka5 38. Rc1 Bb5 39. Rd1 f2 40. a4 Bxa4
41. Qd5+ Bb5 42. Qd2+ Bb4 43. Qxf2 Rd8 44. Rxd8 Rxd8 45. Qf4 Rd1+ 46. Ka2 Bd6
47. Qg4 Rd3 48. Ne2 Be5 49. Nc1 Rd5 50. Nb3+ Kb6 51. Qg1+ Kc6 52. Qxg6+ Bf6 53.
Qe4 Kd6 54. Qb4+ Ke5 55. Nd2 Rd3 56. Qe4+ Kd6 57. Nc4+ Kc5 58. b4+ Kxb4 59. Ne5+
Kc3 60. Nxd3 Bxd3 61. Qe1+ Kd4 62. Kb3 Bc4+ 63. Kc2 Kc5 64. Qe3+ Kb5 65. Qe8+ 1/2-1/2

[Event "28th Czech Open A 2017"]
[Site "Pardubice CZE"]
[Date "2017.07.22"]
[Round "2.54"]
[White "Bruedigam, Martin"]
[Black "Polajzer, Danilo"]
[Result "1-0"]
[WhiteTitle "FM"]
[BlackTitle "IM"]
[WhiteElo "2410"]
[BlackElo "2291"]
[WhiteFideId "24608033"]
[BlackFideId "14600218"]
[EventDate "2017.07.21"]

1. e4 c5 2. Nf3 Nc6 3. Bb5 Nf6 4. Bxc6 dxc6 5. d3 g6 6. h3 Bg7 7. Nc3 O-O 8. Be3
b6 9. Qd2 Re8 10. Bh6 Bh8 11. O-O e5 12. a4 a5 13. b3 Nh5 14. Ne2 Ra7 15. Rae1
f6 16. Ng3 Ng7 17. Nh2 Ne6 18. f4 Nxf4 19. Bxf4 exf4 20. Rxf4 Bg7 21. Ng4 h5 22.
Ne3 Bh6 23. Rf3 h4 24. Ngf1 Bg5 25. Qf2 Rf7 26. Nh2 f5 27. exf5 gxf5 28. Nc4
Rxe1+ 29. Qxe1 Qd4+ 30. Qf2 Qa1+ 31. Nf1 Bf6 32. Kh1 Be6 33. Nd6 Rh7 34. Nxf5
Bd5 35. Rf4 Bg5 36. Rg4 Qc1 37. Kh2 Kh8 38. Nxh4 Rf7 39. Nf3 Be7 40. Qg3 Rxf3
41. Qe5+ 1-0

[Event "28th Czech Open A 2017"]
[Site "Pardubice CZE"]
[Date "2017.07.22"]
[Round "2.55"]
[White "Reuker, Jari"]
[Black "Manik, Mikulas"]
[Result "0-1"]
[BlackTitle "GM"]
[WhiteElo "2275"]
[BlackElo "2407"]
[WhiteFideId "12909300"]
[BlackFideId "14900734"]
[EventDate "2017.07.21"]

1. e4 c5 2. Nf3 d6 3. d4 cxd4 4. Nxd4 Nf6 5. Nc3 a6 6. Bg5 e6 7. f4 h6 8. Bh4
Qb6 9. a3 Nbd7 10. Bf2 Qc7 11. Qf3 Be7 12. O-O-O b5 13. g4 g5 14. h4 gxf4 15.
Be2 d5 16. Ncxb5 axb5 17. Nxb5 Qc6 18. Bd4 Rg8 19. Qxf4 Ra5 20. Rhf1 Rf8 21.
Nc7+ Kd8 22. exd5 exd5 23. g5 hxg5 24. hxg5 Nh7 25. Qh2 Nxg5 26. Bc3 Rxa3 27.
Nxd5 Ra1+ 28. Kd2 Qxd5+ 0-1

[Event "28th Czech Open A 2017"]
[Site "Pardubice CZE"]
[Date "2017.07.22"]
[Round "2.56"]
[White "Parkhov, Yair"]
[Black "Nitish, Belurkar"]
[Result "0-1"]
[WhiteTitle "FM"]
[BlackTitle "FM"]
[WhiteElo "2407"]
[BlackElo "2283"]
[WhiteFideId "2813408"]
[BlackFideId "5084768"]
[EventDate "2017.07.21"]

1. e4 d5 2. exd5 Nf6 3. d4 Bg4 4. Nf3 Qxd5 5. Be2 Nc6 6. c4 Qf5 7. Be3 O-O-O 8.
Nbd2 e6 9. a3 g5 10. Qb3 Bxf3 11. Bxf3 Na5 12. Qc3 g4 13. Be2 Nc6 14. b4 Bg7 15.
b5 Nxd4 16. Bxd4 Ne4 17. Nxe4 Bxd4 18. Qg3 Bxa1 19. Qxg4 Qxg4 20. Bxg4 f5 21.
O-O Bd4 22. Ng5 fxg4 23. Nf7 Rhf8 24. Nxd8 Kxd8 25. g3 Ke7 0-1

[Event "28th Czech Open A 2017"]
[Site "Pardubice CZE"]
[Date "2017.07.22"]
[Round "2.57"]
[White "Matviishen, Viktor"]
[Black "Granovskiy, Alexandr"]
[Result "1-0"]
[WhiteTitle "FM"]
[BlackTitle "IM"]
[WhiteElo "2404"]
[BlackElo "2282"]
[WhiteFideId "14129850"]
[BlackFideId "13700243"]
[EventDate "2017.07.21"]

1. d4 d5 2. c4 e6 3. Nc3 a6 4. cxd5 exd5 5. Nf3 Nf6 6. Bg5 Be6 7. e3 Nbd7 8. Be2
h6 9. Bh4 Bd6 10. Qc2 Qe7 11. O-O O-O 12. a3 c6 13. b4 Bg4 14. Na4 g5 15. Bg3
Bxg3 16. hxg3 Ne4 17. Nc5 Ndf6 18. Ne5 Bxe2 19. Qxe2 Kg7 20. Rfc1 Rfd8 21. g4
Nd6 22. f3 Nh7 23. Nb3 f6 24. Nd3 Nf8 25. Nd2 Ne6 26. Qf2 a5 27. Nf1 axb4 28.
axb4 Qf8 29. Nc5 Kf7 30. Qc2 Ng7 31. b5 Rxa1 32. Rxa1 Ra8 33. Rb1 Nc4 34. bxc6
b6 35. Nd7 Qd8 36. e4 Na3 37. Qb3 Nxb1 38. Qxb1 Ra4 39. Qxb6 Qxb6 40. Nxb6 Ra7
41. exd5 Ne8 42. Ne3 Nd6 43. Nf5 Nxf5 44. gxf5 Ra1+ 45. Kh2 Rc1 46. Nc8 Ke8 47.
Nd6+ Kd8 48. Kg3 Rd1 49. Ne4 Rxd4 50. Nxf6 Kc7 51. Ne8+ Kd8 52. c7+ Kd7 53. Nd6 1-0

[Event "28th Czech Open A 2017"]
[Site "Pardubice CZE"]
[Date "2017.07.22"]
[Round "2.58"]
[White "Das, Sayantan"]
[Black "Polyik, Peter"]
[Result "1-0"]
[WhiteTitle "IM"]
[WhiteElo "2399"]
[BlackElo "2279"]
[WhiteFideId "5034426"]
[BlackFideId "758817"]
[EventDate "2017.07.21"]

1. e4 c5 2. Nf3 e6 3. d4 cxd4 4. Nxd4 a6 5. c4 Nf6 6. Nc3 Bb4 7. Qd3 O-O 8. Be2
d6 9. Nc2 Bxc3+ 10. bxc3 Nbd7 11. f3 Nc5 12. Qe3 e5 13. Ba3 Qc7 14. O-O Be6 15.
Bxc5 dxc5 16. Rfb1 Ne8 17. Qd2 Rd8 18. Qc1 f5 19. exf5 Bxf5 20. Rb2 Nd6 21. Ne3
Be6 22. Bd3 Qf7 23. Qc2 g6 24. Rab1 Qf4 25. Re1 b5 26. cxb5 axb5 27. Bxg6 Rd7
28. Nf1 Rg7 29. Bxh7+ Kh8 30. Be4 Bh3 31. Ng3 Rfg8 32. Qc1 Qh4 33. Bd5 Rf8 34.
gxh3 Nf5 35. Rg2 Qxh3 36. Ree2 Ne7 37. Be4 Rfg8 38. c4 b4 39. Qe3 Rd8 40. Qxc5
Rd1+ 41. Nf1 b3 42. axb3 Re1 43. Qxe5 Nf5 44. Qe8+ 1-0

[Event "28th Czech Open A 2017"]
[Site "Pardubice CZE"]
[Date "2017.07.22"]
[Round "2.59"]
[White "Urhegyi, Marton"]
[Black "Bukal, Vladimir Jr."]
[Result "0-1"]
[WhiteTitle "FM"]
[BlackTitle "IM"]
[WhiteElo "2267"]
[BlackElo "2398"]
[WhiteFideId "740411"]
[BlackFideId "14502941"]
[EventDate "2017.07.21"]

1. e4 e6 2. d4 d5 3. Nd2 h6 4. Bd3 c5 5. dxc5 Bxc5 6. exd5 exd5 7. Nb3 Be7 8.
Nf3 Nf6 9. O-O O-O 10. h3 Nc6 11. c3 Bd6 12. Nbd4 a6 13. Bc2 Bc7 14. Be3 Qd6 15.
Qd3 Ne4 16. Ne2 g5 17. Rfd1 Be6 18. Ned4 g4 19. Nxe6 fxe6 20. hxg4 Rxf3 21. gxf3
Qh2+ 22. Kf1 Ne5 23. fxe4 Nxd3 24. Bxd3 Bf4 25. Bd4 Qh3+ 26. Ke1 Qxg4 27. Be2
Qg1+ 28. Bf1 dxe4 29. Bb6 e3 30. Bxe3 Bxe3 31. fxe3 Qxe3+ 32. Be2 Rf8 33. Rab1
Qf2+ 34. Kd2 Rd8+ 0-1

[Event "28th Czech Open A 2017"]
[Site "Pardubice CZE"]
[Date "2017.07.22"]
[Round "2.60"]
[White "Cuhendi, Sean Winshand"]
[Black "Babikov, Ivan"]
[Result "0-1"]
[WhiteTitle "IM"]
[BlackTitle "FM"]
[WhiteElo "2398"]
[BlackElo "2267"]
[WhiteFideId "7101554"]
[BlackFideId "4161106"]
[EventDate "2017.07.21"]

1. e4 e5 2. Nf3 Nc6 3. Bc4 Nf6 4. d3 h6 5. O-O d6 6. a4 g6 7. Be3 Bg7 8. h3 O-O
9. Nc3 Kh7 10. Qd2 Nh5 11. g4 Nf4 12. Bxf4 exf4 13. Qxf4 f5 14. exf5 gxf5 15.
Qg3 fxg4 16. hxg4 Bxc3 17. bxc3 d5 18. Bb5 Bxg4 19. Nh2 Be2 20. d4 Bxf1 21. Kxf1
Qd6 22. Bd3+ Kh8 23. Qxd6 cxd6 24. Rb1 b6 25. Rb5 Ne7 26. a5 bxa5 27. Rxa5 Rfc8
28. Ng4 Kg7 29. Ke2 Rxc3 30. f4 Rc7 31. Ne3 Rf8 32. Kf3 Rf6 33. Ng4 Rf8 34. Ne3
Kf7 35. f5 h5 36. Kf4 h4 37. Ng4 Rh8 38. f6 h3 39. fxe7 h2 40. Nxh2 Rxh2 41.
Rxd5 Kxe7 42. Ra5 Kd7 43. Ra6 Ke6 44. Ra5 Rh8 45. Bf5+ Kf6 46. Bd3 Rh4+ 47. Ke3
Re7+ 48. Kd2 Rxd4 49. Kc3 Rf4 50. Ra6 Ke5 51. Ra5+ d5 52. Ra6 Rc7+ 53. Kb3 Rf8
54. Kb2 Rb8+ 55. Kc1 Kd4 56. Kd2 Rh8 57. Ra4+ Ke5 58. Ra5 Rh2+ 59. Kc1 Kd4 60.
Ra4+ Ke3 61. Ra5 Rh1+ 62. Kb2 Rb7+ 63. Ka2 Rh4 64. Ka3 d4 65. Re5+ Kd2 66. Re2+
Kc3 67. Re6 Rh5 68. Rc6+ Kd2 69. Ra6 Rh3 0-1

[Event "28th Czech Open A 2017"]
[Site "Pardubice CZE"]
[Date "2017.07.22"]
[Round "2.61"]
[White "Piscopo, Pierluigi"]
[Black "Pychova, Nela"]
[Result "1/2-1/2"]
[WhiteTitle "IM"]
[BlackTitle "WFM"]
[WhiteElo "2396"]
[BlackElo "2219"]
[WhiteFideId "809152"]
[BlackFideId "351369"]
[EventDate "2017.07.21"]

1. e4 e5 2. Bc4 Nf6 3. d3 c6 4. Nf3 d5 5. Bb3 Bd6 6. O-O O-O 7. Nc3 d4 8. Ne2
Nbd7 9. c3 c5 10. a4 Rb8 11. Ng3 Nb6 12. a5 Na8 13. Nh4 b5 14. cxd4 cxd4 15.
Nhf5 Nc7 16. Nxd6 Qxd6 17. f4 Ng4 18. fxe5 Nxe5 19. Bf4 Qe7 20. Rc1 Rb7 21. Qc2
Bd7 22. Qc5 Qxc5 23. Rxc5 Nc6 24. Bxc7 Rxc7 25. Nf5 Bxf5 26. exf5 Rcc8 27. Rxb5
Rb8 28. Bc4 Rfe8 29. f6 Ne5 30. Rc5 Nxc4 31. Rxc4 Rxb2 32. Rxd4 gxf6 33. Rg4+
Kf8 34. Rxf6 Re1+ 35. Rf1 Ree2 36. h3 Ra2 37. Rf5 Ke7 38. Re4+ Rxe4 39. dxe4 Ra4
40. Rb5 a6 41. Re5+ Kf6 42. Rf5+ Kg6 43. Rc5 Rxe4 44. Rc6+ Re6 45. Rxe6+ fxe6
46. Kf2 Kf5 47. Kf3 Ke5 48. Ke3 Kf5 49. g3 Ke5 50. g4 Kd5 51. h4 Ke5 52. Kf3 Kd4
53. g5 e5 54. h5 e4+ 55. Ke2 Ke5 56. Ke3 Kf5 57. g6 hxg6 58. hxg6 Kxg6 59. Kxe4
Kf7 60. Kd5 Ke7 61. Kc6 Kd8 62. Kb7 Kd7 63. Kxa6 Kc7 64. Ka7 Kc8 65. Kb6 Kb8 66.
a6 Ka8 67. a7 1/2-1/2

[Event "28th Czech Open A 2017"]
[Site "Pardubice CZE"]
[Date "2017.07.22"]
[Round "2.62"]
[White "Grekh, Andrey"]
[Black "Sazonova, Anastasia"]
[Result "1/2-1/2"]
[WhiteTitle "IM"]
[BlackTitle "WFM"]
[WhiteElo "2395"]
[BlackElo "2186"]
[WhiteFideId "14112418"]
[BlackFideId "24131008"]
[EventDate "2017.07.21"]

1. e4 e6 2. d4 d5 3. Nd2 c5 4. Ngf3 cxd4 5. exd5 Qxd5 6. Bc4 Qd6 7. O-O Nf6 8.
Nb3 Nc6 9. Nbxd4 Nxd4 10. Qxd4 Qxd4 11. Nxd4 Bd7 12. Re1 Rc8 13. Bb3 Bc5 14. Be3
Ng4 15. Rad1 Nxe3 16. Rxe3 Bxd4 17. Rxd4 Bc6 18. h4 Ke7 19. Rg3 Rhg8 20. h5 h6
21. Rdg4 Kf6 22. Bc4 Rcd8 23. Bd3 Rd5 24. Rf4+ Ke7 25. Bh7 Rf8 26. Rxg7 Rxh5 27.
Rfg4 Kf6 28. f4 Ra5 29. a3 e5 30. fxe5+ Rxe5 31. Bd3 h5 32. Rg3 h4 33. R3g4 Bd7
34. Rg8 Rxg8 35. Rxg8 1/2-1/2

[Event "28th Czech Open A 2017"]
[Site "Pardubice CZE"]
[Date "2017.07.22"]
[Round "2.63"]
[White "Kukelko, Alexey"]
[Black "Rydl, Jiri"]
[Result "1/2-1/2"]
[BlackTitle "FM"]
[WhiteElo "2173"]
[BlackElo "2395"]
[WhiteFideId "14153084"]
[BlackFideId "346390"]
[EventDate "2017.07.21"]

1. e4 e6 2. d4 d5 3. Nd2 Be7 4. Bd3 c5 5. dxc5 Nf6 6. Qe2 a5 7. Ngf3 O-O 8. O-O
Na6 9. exd5 exd5 10. Nb3 a4 11. Nbd4 Nxc5 12. Nf5 Bxf5 13. Bxf5 Nfe4 14. Rd1 Re8
15. Bxe4 Nxe4 16. Be3 a3 17. Qb5 Qc8 18. Bd4 Bf6 19. Bxf6 Nxf6 20. Nd4 Ne4 21.
Rd3 axb2 22. Qxb2 h6 23. h3 Ra4 24. Re1 Rc4 25. Qb5 Rd8 26. Nf3 Rc5 27. Qb3 Rxc2
28. Rxd5 Rxd5 29. Qxd5 Nc3 30. Qb3 Ne2+ 31. Kh1 Nf4 32. Qe3 Ne6 33. Re2 Rc1+ 34.
Re1 Rc3 35. Qe4 b5 36. Re2 Rc1+ 37. Re1 Rc4 38. Qe3 b4 39. Rb1 Qc7 40. Qe5 Qb6
41. Rb2 Rc1+ 42. Kh2 Rc5 43. Qe4 Qd6+ 44. g3 Rb5 45. Kg2 g6 46. Rd2 Qc7 47. Rc2
Rc5 48. Rxc5 Qxc5 49. h4 h5 1/2-1/2

[Event "28th Czech Open A 2017"]
[Site "Pardubice CZE"]
[Date "2017.07.22"]
[Round "2.64"]
[White "Janzelj, Tim"]
[Black "Zimmermann, Luc"]
[Result "1-0"]
[WhiteElo "2391"]
[BlackElo "2145"]
[WhiteFideId "14607913"]
[BlackFideId "1007033"]
[EventDate "2017.07.21"]

1. Nf3 Nf6 2. c4 g6 3. b4 Bg7 4. Bb2 O-O 5. g3 c6 6. Bg2 d5 7. cxd5 cxd5 8. O-O
a5 9. b5 a4 10. Na3 Ne8 11. Bxg7 Nxg7 12. Qc2 Qd6 13. Qb2 Nd7 14. Rac1 Nb6 15.
Nc2 Bd7 16. Ne3 Rfc8 17. d3 Ne8 18. Nd4 Rxc1 19. Rxc1 Rc8 20. Rxc8 Bxc8 21. Ndc2
Nc7 22. d4 Bd7 23. Na3 e6 24. Ng4 h5 25. Ne5 Be8 26. e3 Kg7 27. Bf1 f6 28. Nd3
Nc4 29. Nxc4 dxc4 30. Nc5 b6 31. Nxa4 Bxb5 32. Nc3 Ba6 33. Bg2 Nd5 34. Bxd5 exd5
35. a3 Kf7 36. f3 g5 37. Qb1 Kg7 38. Qb4 Qxb4 39. axb4 Bb7 40. Kf2 Kf7 41. b5
Ke6 42. Na4 Bc8 43. Nxb6 Bd7 44. Nxd7 Kxd7 45. e4 dxe4 46. fxe4 Kc7 47. d5 Kb6
48. d6 1-0

[Event "28th Czech Open A 2017"]
[Site "Pardubice CZE"]
[Date "2017.07.22"]
[Round "2.65"]
[White "Vorobiov, Evgeny E."]
[Black "Polyakov, Fedor"]
[Result "1-0"]
[WhiteTitle "GM"]
[WhiteElo "2585"]
[BlackElo "2120"]
[WhiteFideId "4121341"]
[BlackFideId "11602953"]
[EventDate "2017.07.21"]

1. d4 Nf6 2. g3 c5 3. d5 e6 4. Nc3 e5 5. Bg2 d6 6. e4 g6 7. a4 Bg7 8. Nf3 O-O 9.
Nd2 b6 10. Nc4 Ba6 11. Nb5 Bxb5 12. axb5 Ne8 13. c3 Nc7 14. Qb3 f5 15. f4 Qe7
16. fxe5 Bxe5 17. Nxe5 Qxe5 18. Bf4 Qe7 19. O-O fxe4 20. Rae1 g5 21. Rxe4 Qd8
22. Bd2 Rxf1+ 23. Bxf1 Nd7 24. c4 Qf6 25. Qe3 Ne5 26. Be2 h6 27. h4 a6 28. hxg5
hxg5 29. Bc3 Re8 30. bxa6 Nxa6 31. Rg4 Re7 32. Rxg5+ Rg7 33. Rxg7+ Qxg7 34. Kg2
Kf7 35. Qf4+ Ke7 36. Qf5 Kd8 37. g4 Nb8 38. Bxe5 dxe5 39. g5 Nd7 40. Bg4 Nb8 41.
Qc8+ Ke7 42. Qc7+ 1-0

[Event "28th Czech Open A 2017"]
[Site "Pardubice CZE"]
[Date "2017.07.22"]
[Round "2.66"]
[White "Shailesh, Dravid"]
[Black "Maslak, Konstantin"]
[Result "1/2-1/2"]
[BlackTitle "GM"]
[WhiteElo "2260"]
[BlackElo "2566"]
[WhiteFideId "25017969"]
[BlackFideId "4130901"]
[EventDate "2017.07.21"]

1. e4 d6 2. d4 Nf6 3. Nc3 e5 4. Nf3 Nbd7 5. Bc4 Be7 6. O-O O-O 7. h3 c6 8. Re1
b5 9. Bf1 Bb7 10. a3 Qc7 11. Bg5 Rfe8 12. Qd2 a6 13. Rad1 Nf8 14. Qc1 Ng6 15. g3
h6 16. Bd2 Bf8 17. Bg2 a5 18. b4 Nd7 19. Qb1 Nb6 20. Bc1 a4 21. h4 exd4 22. Nxd4
Ne5 23. Nce2 Nbc4 24. c3 Qb6 25. Nf4 Bc8 26. Kh1 g6 27. f3 h5 28. Qc2 Bg7 29.
Qf2 Ra7 30. Kg1 Rae7 31. Nc2 Qxf2+ 32. Kxf2 f5 33. Nd4 fxe4 34. Rxe4 Bd7 35.
Ree1 Kf7 36. Bf1 Bf6 37. Be2 Nb6 38. Bf1 Kg7 39. Be2 Nec4 40. Bd3 Ne5 41. Be4
Nbc4 42. Bb1 Kf7 43. Be4 Kg7 44. Bb1 Kf7 45. Be4 1/2-1/2

[Event "28th Czech Open A 2017"]
[Site "Pardubice CZE"]
[Date "2017.07.22"]
[Round "2.67"]
[White "Montilli, Vincenzo"]
[Black "Hauchard, Arnaud"]
[Result "1/2-1/2"]
[BlackTitle "GM"]
[WhiteElo "2266"]
[BlackElo "2550"]
[WhiteFideId "883913"]
[BlackFideId "600113"]
[EventDate "2017.07.21"]

1. c4 g6 2. g3 Bg7 3. Bg2 e5 4. Nc3 d6 5. e3 f5 6. Nge2 Nf6 7. O-O O-O 8. d3 Kh8
9. b3 c6 10. Bb2 Qe7 11. Qd2 Na6 12. Rad1 Nc7 13. Rfe1 Bd7 14. h3 Rad8 15. f4
Bc8 16. Kh2 Qf7 17. Na4 Ne6 18. b4 b5 19. fxe5 dxe5 20. cxb5 cxb5 21. Nc5 e4 22.
Nd4 Nxc5 23. bxc5 exd3 24. Qxd3 Qxa2 25. Qxb5 Qf7 26. Nc6 Rxd1 27. Rxd1 g5 28.
Rf1 Qh5 29. Kg1 f4 30. exf4 Bxh3 31. fxg5 Qxg5 32. Bxh3 Qxg3+ 33. Bg2 Qe3+ 34.
Kh1 Qh6+ 1/2-1/2